00877nam a22002537a 450000500170000001000130001702000100003003500130004003700160005304000120006908200150008110000250009624500770012126000450019827000470024330000370029050000190032765000320034665000300037870000260040894200240043499900190045895201460047720170124110050.0 aA-408324 c15.00 aA-408324 bCen Lib/Ret aDPLbEN a636.5bHAR aHarbans Singh912056 aLivestock and poultry production /cby Harbans Singh [and] Earl N. Moore aNew Delhi bPrentice-Hall of Indiac1972 bNew Delhi aM-97, Cannaught Circuse110001 aviii,622p. :c22cm(Hb)bcol.ill. aIncludes index aLivestock production925230 aPoultry production925231 aMoore, Earl N.925232 2ddccENh636.5mHAR c129053d129053 04104070aLbLd2015-07-04eCen Lib/Retg15.00l0o636.5 HARpA-408324r2015-07-04 00:00:00t1v15.00w2015-07-04yENzW/d List No.-3301/11